| 000 | 00647cam a2200229 4500500 | ||
|---|---|---|---|
| 005 | 20260405003035.0 | ||
| 041 | _afre | ||
| 042 | _adc | ||
| 100 | 1 | 0 |
_aDuru, Martin _eauthor |
| 245 | 0 | 0 | _aTocqueville-Gobineau. La bataille du sang |
| 260 | _c2020. | ||
| 500 | _a6 | ||
| 690 | _aAmitié | ||
| 690 | _aDiscorde | ||
| 690 | _aGobineau | ||
| 690 | _aLibéralisme | ||
| 690 | _aRaces | ||
| 690 | _aRacisme | ||
| 690 | _aTocqueville | ||
| 786 | 0 | _nPhilosophie magazine | 138 | 4-5 | 2020-04-01 | p. 21-22 | 1951-1787 | |
| 856 | 4 | 1 | _uhttps://shs.cairn.info/magazine-philosophie-magazine-2020-4-5-page-21?lang=fr&redirect-ssocas=7080 |
| 999 |
_c2063813 _d2063813 |
||